Lettres de mon Moulin
Gardado en:
| Autor Principal: | |
|---|---|
| Formato: | Libro |
| Idioma: | Undetermined |
| Publicado: |
Paris
Fasquelle
1961
|
| Những chủ đề: | |
| Các nhãn: |
Engadir etiqueta
Sen Etiquetas, Sexa o primeiro en etiquetar este rexistro!
|
| Thư viện lưu trữ: | Trung tâm Học liệu Trường Đại học Cần Thơ |
|---|
| LEADER | 00488nam a2200181Ia 4500 | ||
|---|---|---|---|
| 001 | CTU_15416 | ||
| 008 | 210402s9999 xx 000 0 und d | ||
| 082 | |a 843.8 | ||
| 082 | |b D238 | ||
| 100 | |a Daudet, Alphonse | ||
| 245 | 0 | |a Lettres de mon Moulin | |
| 245 | 0 | |c Alphonse Daudet | |
| 260 | |a Paris | ||
| 260 | |b Fasquelle | ||
| 260 | |c 1961 | ||
| 650 | |a French fiction | ||
| 904 | |i Nguyễn Quang Điền, Qhieu sửa | ||
| 980 | |a Trung tâm Học liệu Trường Đại học Cần Thơ | ||